000 00701nam a22002051i 4500
001 000030306
003 RuMoIPM
005 20260414123609.0
008 130115s1970----ru | c rus
040 _aRuMoIPM
_brus
_ercr
041 0 _arus
080 _a51(07)
100 1 _aКлюева, Людмила Александровна
245 1 _aПрактикум по математике для заочных техникумов
_cЛ. А. Клюева, Д. А. Тальский
260 _aМосква
_bВысшая школа
_c1970
300 _a446 с.
_bил.
504 _aБиблиогр.: с. 441-442
700 1 _aТальский, Даниил Абрамович
942 _cBK
999 _c30306
_d30306